Statistics for Name the Terraria NPC

Click here to take the quiz!

General Stats

  • This quiz has been taken 10 times
  • The average score is 26 of 29

Answer Stats

Answer% Correct
Skeleton Merchant
100%
Steampunker
100%
Angler
90%
Arms Dealer
90%
Clothier
90%
Cyborg
90%
Demolitionist
90%
Dryad
90%
Dye Trader
90%
Goblin Tinkerer
90%
Guide
90%
Merchant
90%
Nurse
90%
Old Man
90%
Painter
90%
Party Girl
90%
Pirate
90%
Princess
90%
Santa Claus
90%
Tax Collector
90%
Traveling Merchant
90%
Wizard
90%
Golfer
80%
Mechanic
80%
Stylist
80%
Tavernkeep
80%
Truffle
80%
Witch Doctor
80%
Zoologist
80%

Score Distribution

Percentile by Number Answered

Percent of People with Each Score

Your Score History

You have not taken this quiz